Statistiche per Paesi che iniziano con la G

Clicka qui per fare il quiz!

Statistiche generali

  • Questo quiz è stato fatto 7.408 volte
  • Il punteggio medio è 11 su 16

Statistiche sulle risposte

Paese% Corretto
Germania
94%
Guinea
78%
Ghana
73%
Guatemala
73%
Georgia
71%
Gambia
70%
Giappone
70%
Gabon
69%
Giordania
67%
Grecia
66%
Guinea-Bissau
65%
Guyana
65%
Giamaica
64%
Gibuti
63%
Guinea Equatoriale
63%
Grenada
52%

Distribuzione punteggi

Percentile per numero di risposta

Percentuale di utenti per punteggio

I tuoi punteggi nel tempo

Non hai fatto questo quiz